| 000 | 00000nam 2200000zi 4500 |
| 001 | 9.899724 |
| 003 | CaOODSP |
| 005 | 20240909152706 |
| 006 | m o d f |
| 007 | cr |n||||||||| |
| 008 | 210512e198105##oncab o f000 0|eng d |
| 040 | |aCaOODSP|beng|erda|cCaOODSP |
| 041 | |aeng|bfre |
| 043 | |an-cn--- |
| 086 | 1 |aRE22-151/1969E-PDF |
| 245 | 00|aSecond annual meeting of the provincial Canada Land Inventory co-ordinators, February 13-15, 1969, Quebec City = |bDeuxième congrès annuel des coordonnateurs provinciaux de l'Inventaires des terres du Canada, 13-15 février 1969, Québec. |
| 246 | 31|aDeuxième congrès annuel des coordonnateurs provinciaux de l'Inventaires des terres du Canada, 13-15 février 1969, Québec |
| 264 | 1|a[Ottawa] : |bDepartment of Regional Economic Expansion = Ministère de l'expansion économique régionale, |c[1969] |
| 300 | |a1 online resource (ii, 164 pages) : |billustrations, maps |
| 336 | |atext|btxt|2rdacontent |
| 337 | |acomputer|bc|2rdamedia |
| 338 | |aonline resource|bcr|2rdacarrier |
| 500 | |aDigitized edition from print [produced by Innovation, Science and Economic Development Canada]. |
| 546 | |aIncludes some texts in French. |
| 610 | 20|aCanada Land Inventory. |
| 610 | 20|aInventaire des terres du Canada. |
| 650 | 0|aLand use|zCanada. |
| 650 | 6|aUtilisation du sol|zCanada. |
| 710 | 1 |aCanada. |bDepartment of Regional Economic Expansion, |eissuing body. |
| 856 | 40|qPDF|s9831 KB|uhttps://publications.gc.ca/collections/collection_2024/isde-ised/re22/RE22-151-1969-eng.pdf |